Logo BPK

Biblioteka

Politechniki Koszalińskiej

Zasady międzynarodowego układu jednostek miar SI / (Rekord nr 8084)

Szczegóły MARC
000 -ETYKIETA REKORDU
podpole kontrolne o stałej długości 00840nam a2200241 i 4500
001 - NUMER KONTROLNY REKORDU
pole kontrolne bg
003 - IDENTYFIKATOR NUMERU KONTROLNEGO REKORDU
podpole kontrolne KOSZ 005
005 - DATA OSTATNIEJ MODYFIKACJI REKORDU
podpole kontrolne 20190722100433.0
008 - POLE O STAŁEJ DŁUGOŚCI - DANE KONTROLNE
podpole kontrolne o stałej długości 070719s1969 pl a f 001 0 pol
015 ## - NUMER BIBLIOGRAFII NARODOWEJ
Numer bibliografii narodowej PB 1969/5015
040 ## - ŹRÓDŁO KATALOGOWANIA
Instytucja, która sporządziła opis WA N
Instytucja, która utworzyła rekord KOSZ 005/RW
Instytucja, która dokonała modyfikacji KOSZ 005/RW
080 ## - UNIWERSALNA KLASYFIKACJA DZIESIĘTNA - UKD
UKD 389.1:531.7
100 1# - NAZWA OSOBOWA
Nazwa osobowa Obalski, Jan
Daty związane z nazwą (1898-1968).
Określenie rodzaju współpracy Autor.
245 10 - TYTUŁ/ODPOWIEDZIALNOŚĆ
Tytuł Zasady międzynarodowego układu jednostek miar SI /
Pozostałe elementy strefy tytułu i oznaczenia odpowiedzialności Jan Obalski.
260 ## - STREFA ADRESU WYDAWNICZEGO
Miejsce wydania Warszawa :
Nazwa wydawcy/dystrybutora Wydawnictwa Naukowo-Techniczne,
Data publikacji, dystrybucji/powstania dokumentu 1969.
300 ## - STREFA OPISU FIZYCZNEGO
Objętość 93, [3] s. :
Inne cechy fizyczne il. ;
Rozmiary 23 cm.
380 ## - FORMA I TYP PUBLIKACJI
Forma i typ publikacji Książki.
504 ## - UWAGA DOTYCZĄCA BIBLIOGRAFII
Informacje o bibliografii Bibliogr. s. 87. Indeks.
650 #4 - HASŁO PRZEDMIOTOWE W FORMIE NAZWY OGÓLNEJ LUB JEDNOSTKOWEJ
Nazwa ogólna lub geograficzna Jednostki miar
Określnik ogólny fizyka.
710 2# - HASŁO DODATKOWE - NAZWA CIAŁA ZBIOROWEGO
Nazwa ciała zbiorowego lub jednostki geograficznej Wydawnictwa Naukowo-Techniczne
Kod określenia powiązania pbl.
856 ## - LOKALIZACJA I DOSTĘP DO ELEKTRONICZNYCH DOKUMENTÓW ZDALNYCH
Link (URL) http://koha.tu.koszalin.pl/cgi-bin/koha/opac-detail.pl?biblionumber=8084
Tekst linku Katalog online BPK
942 ## - DODATKOWE ELEMENTY (KOHA)
Schemat klasyfikacji Uniwersalna Klasyfikacja Dziesiętna
Typ dokumentu Książka
Egzemplarze
Wycofany Status egzemplarza Uszkodzony Dostępność Lokalizacja stała Lokalizacja bieżąca Miejsce przechowywania Sygnatura Kod kreskowy Typ dokumentu Dział
      Dostępny Biblioteka Politechniki Koszalińskiej Biblioteka Politechniki Koszalińskiej Wypożyczalnia BG 4490 01395181 Książka  
      Dostępny Biblioteka Politechniki Koszalińskiej Biblioteka Politechniki Koszalińskiej Wypożyczalnia BG 4491 02195179 Książka  
      Dostępny Biblioteka Politechniki Koszalińskiej Biblioteka Politechniki Koszalińskiej Wypożyczalnia BG 4492 02195162 Książka  
      Dostępny Biblioteka Politechniki Koszalińskiej Biblioteka Politechniki Koszalińskiej Wypożyczalnia BG 4493 02195155 Książka  
      Tylko na miejscu Biblioteka Politechniki Koszalińskiej Biblioteka Politechniki Koszalińskiej Czytelnia BG 4494 01808179 Książka 006 Normalizacja. Metrologia
      Dostępny Biblioteka Politechniki Koszalińskiej Biblioteka Politechniki Koszalińskiej Wypożyczalnia BG 4940 02193434 Książka  
      Dostępny Biblioteka Politechniki Koszalińskiej Biblioteka Politechniki Koszalińskiej Wypożyczalnia BG 4941 02193427 Książka  
      Dostępny Biblioteka Politechniki Koszalińskiej Biblioteka Politechniki Koszalińskiej Wypożyczalnia BG P 712/1 01796414 Książka  
      Dostępny Biblioteka Politechniki Koszalińskiej Biblioteka Politechniki Koszalińskiej Wypożyczalnia BG P 712/2 01796407 Książka  
      Dostępny Biblioteka Politechniki Koszalińskiej Biblioteka Politechniki Koszalińskiej Wypożyczalnia BG P 712/3 01796391 Książka  
      Dostępny Biblioteka Politechniki Koszalińskiej Biblioteka Politechniki Koszalińskiej Wypożyczalnia BG P 712/4 01796384 Książka  
© 2023 Biblioteka Politechniki Koszalińskiej :: KOHA